00645nam a2200205 a 4500001001000000003000900010005001700019007000300036008004100039040002500080082002500105100002900130245003600159260004600195300002800241500002100269504003200290651005000322651006700372000003874DO-SdBNP20240410103207.0ta090714s2000 dr a 001 0 spa d aDO-SdBNPbspacBNPHU 4a320.97293bP429v2221 aPercival, Rafael,d1957-10aVerde olivo /cRafael Percival. aSanto Domingo :bArtegraf Peralta,c2000. a245 p. :bil. ;c23 cm. aIncluye índice aBibliografía : p. 240-243 0aRepública Dominicana --xHistoria --y1961- 4aRepública DominicanaxPolítica y gobiernoxHistoriay1961-